English for Academic Research: Grammar, Usage and Style

Gespeichert in:
Bibliographische Detailangaben
1. Verfasser: Wallwork, Adrian
Format: Buch
Sprache:Englisch
Veröffentlicht: Cham Springer 2023
Ausgabe:2nd Edition
Schlagworte:
Tags: Tag hinzufügen
Keine Tags, Fügen Sie das erste Tag hinzu!

MARC

LEADER 00000nam a2200000 4500
001 0304417
005 20250102113154.8
020 |a 978-3-031-31516-9 
041 0 |a eng 
044 |a CH 
245 1 0 |a English for Academic Research: Grammar, Usage and Style  |c Adrian Wallwork 
250 |a 2nd Edition 
264 1 |a Cham  |b Springer  |c 2023 
300 |a 232 s. 
610 2 0 |a jazyky cudzie 
610 2 0 |a angličtina 
610 2 0 |a gramatika 
610 2 0 |a zásoba slovná 
610 2 0 |a štylistika 
100 1 |a Wallwork, Adrian